| 000 | 01482nam0a2200349 4500 | ||
|---|---|---|---|
| 001 | RU\NLR\bibl\1520135 | ||
| 005 | 20250616030351.0 | ||
| 010 |
_a978-5-89546-506-6 _9100 |
||
| 021 |
_aRU _b2010-31457 _92107 |
||
| 035 | _a(nilc)RSL-KNO-004638290 | ||
| 035 | _a(NLR Aleph) 001511501 | ||
| 090 |
_a83429 _c83429 |
||
| 100 | _a20100511d2009 |||y0rusy50 ca | ||
| 101 | 0 | _arus | |
| 102 | _aRU | ||
| 105 | _aa ||||||||| | ||
| 200 | 1 |
_aПостиндустриальная концепция экономического роста России: модели, стимулы, перспективы _fТ.П. Черкасова |
|
| 210 |
_aРостов-на-Дону _cИзд-во СКАГС _d2009 |
||
| 215 |
_a228 с. _cил. _d21 |
||
| 320 | _aБиблиогр.: с. 203-207 (93 назв.) и в подстроч. прим. | ||
| 606 | 1 |
_aНародное хозяйство _xТемпы роста _yРоссийская Федерация _92511341 _3RU\NLR\auth\661488749 |
|
| 610 | 0 | _aЭкономика -- Российская Федерация -- Воспроизводство -- Экономический рост | |
| 686 |
_aУ9(2)0-961-314,0 _2rubbk |
||
| 686 | _aУ9(2)-961-314(2Р) | ||
| 700 | 1 |
_aЧеркасова _bТ. П. _gТатьяна Павловна _4070 |
|
| 801 | 0 |
_aRU _bРГБ _c20100511 _grcr |
|
| 801 | 1 |
_aRU _bРГБ _c20100511 |
|
| 801 | 2 |
_aRU _bNLR _c20100607 _grcr |
|
| 830 | _aавт. по кн. | ||
| 942 | _cBOOK | ||
| 980 | _aNB | ||